The power of positive evangelism. (Record no. 10550)

000 -LEADER
fixed length control field 00565nam a2200193 a 4500
001 - CONTROL NUMBER
control field :::00008339$&:&@@
003 - CONTROL NUMBER IDENTIFIER
control field OkBaRHE
005 - DATE AND TIME OF LATEST TRANSACTION
control field 20000607103343.0
008 - FIXED-LENGTH DATA ELEMENTS--GENERAL INFORMATION
fixed length control field s1968 j 000 0 eng u
040 ## - CATALOGING SOURCE
Transcribing agency
100 1# - MAIN ENTRY--PERSONAL NAME
Personal name Bisagno, John R.
245 14 - TITLE STATEMENT
Title The power of positive evangelism.
260 ## - PUBLICATION, DISTRIBUTION, ETC. (IMPRINT)
Place of publication, distribution, etc Nashville, TN., :
Name of publisher, distributor, etc Broadman Press
Date of publication, distribution, etc 1968
300 ## - PHYSICAL DESCRIPTION
Extent 64 p. ;
Dimensions 19 cm.
650 ## - SUBJECT ADDED ENTRY--TOPICAL TERM
Topical term or geographic name as entry element Evangelistic Work
650 ## - SUBJECT ADDED ENTRY--TOPICAL TERM
Topical term or geographic name as entry element Revivals
942 ## - ADDED ENTRY ELEMENTS (KOHA)
Source of classification or shelving scheme
Koha item type Books
Copies
Date last seen Damaged status Shelving location Koha item type Lost status Copy number Source of classification or shelving scheme Barcode Not for loan Permanent Location Full call number Date acquired Price effective from Withdrawn status
2010-04-14 General StacksBooks 1 8339 RHEMA Bible Training CollegeBV 3790 .B4872010-04-142010-04-14